| 000 | 005160000a22002050004500 | ||
|---|---|---|---|
| 003 | LK-CoMWRAF | ||
| 005 | 20230902234721.0 | ||
| 008 | 230817t1998 ||||| |||| 00| 0 eng d | ||
| 020 | _a8171673821 | ||
| 040 |
_aLK-CoMWRAF _dLK-CoMWRAF _eLK-CoMWRAF |
||
| 041 | _aeng | ||
| 082 |
_a954.042 _bPAZ |
||
| 100 | _aPaz, Octavio | ||
| 245 | _aIn light of India | ||
| 260 |
_aIndia : _bRupa & Company, _c1998 |
||
| 300 | _a209p | ||
| 650 | _a India - Social conditions | ||
| 650 | _aIndia - Civilization | ||
| 942 | _cBK | ||
| 999 |
_c1163 _d1163 |
||